000 00672nam a22002537a 4500
003 UA-OsUOA
001 28380
007 ta
008 20050321b un ||||| |||| 00| 0 ukr d
100 _aТартаковский Д. Ф.
090 _a347.94
_bТ21
942 _cBK
040 _aUA-OsUOA
_brus
_cUA-OsUOA
_dUA-OsUOA
245 _aИзмерительная информация в системе доказательств
300 _a172 с.
955 _a0
041 _arus
080 _a347.94
020 _a5-94201-245-8
260 _aСПб
_bЮридический центр Пресс
_c2003
044 _aRU
650 7 _2UDC
999 _c314747
_d314747